000 00997nam a2200277Ia 4500
003 OSt
005 20221005104633.0
006 a|||||r|||| 00| 0
007 ta
008 221004b |||||||| |||| 00| 0 hin d
020 _a9789352294374 (pbk)
_cINR 125.00
024 _a66396
037 _bGV728, 11/03/2020, Vani Prakashan
_cTextual
040 _aCRL
_cCRL
_bhin
041 _2hin
_ahin
082 _aO152,3D20x, P7
100 _aशर्मा, विष्णु भट्ट, ले.
_9156325
245 0 _aपन्चतन्त्र
246 _aPanchatantra
260 _aदिल्ली
_bवाणी प्रकाशन भारत
_c2007
300 _a286पृ0
_ccm.
650 _a हिन्दी साहित्य
650 _aहिन्दी कहानी
942 _hO152,3D20x, P7
_cTEXL
_2cc
999 _c1013325
_d1013325